000 00460nam a2200169Ia 4500
005 20250425160638.0
008 250425s9999 xx 000 0 und d
041 _aspa
082 _a621.4
245 0 _aTORNILLERIA: TUERCAS. METODOS DE ENSAYO
250 _a1A ED.
260 _aEcuador
_bINEN
_c1985
260 _aS.L.
500 _aD-14591 S/100 INEN BIBL. 28.06.94 NORMA INEN : 1241 1985-09 general impreso DONACION
942 _c01
010 _a1109
999 _c193278
_d193278